000 00433nam a2200181Ia 4500
001 8622
005 20260306160623.0
008 260306t2006||||xx |||||||||||||| ||spa||
041 _aESP
082 _a371.2
_bR78
100 _aRojas Quiñones, Juan Manuel
_eAUT
245 0 _aGestión educativa en la sociedad del conocimiento
260 _c2006
300 _a
_c
650 _aGEN
654 _aCED
942 _cLIB
_dJUS
_fJUS
_2ddc
_n
999 _c8622
_d8622